Quizzes
Events
Quiz Creation
Community
Videos
Private Events
Remove Ads
Sign In
Join for FREE
Feedback
Dark Mode
Quiz Categories
Sports
Geography
Music
Movies
Television
Just For Fun
Miscellaneous
History
Literature
Language
Science
Gaming
Entertainment
Religion
Holiday
For Kids
Quiz Lab
Recent
Popular Today
Quiz Kudos Today
Editor Picks
Curator Picks
Quizzes by...
Day
Popularity
Type
Ratings
Length
Year
Community
Subscriptions
Recent Discussions
Orange Saloon
Badges
Playlists
Quests
Create
Leaderboards
Showdown
Live 5
Trivia Bingo
Activity
Puzzle Library
Sporcle Events
Private Events
Virtual Trivia
Globe League
Become a Host
Pub Owners
SporcleCon
Opinionation
Our Games
Videos
Blog
Mobile Apps
Partnerships
Remove Ads and Go Orange
Feedback
Movies
Disney
Marvel Cinematic Universe
Movie Resume
Movie Titles
Oscar
Actor
Actress
Director
Pixar
Role
Movie Quotes
Movie Characters
Box Office
Nominee
Best Picture
Star Wars
James Bond
Horror Movies
Movies
Disney
Marvel Cinematic Universe
Movie Resume
Movie Titles
Oscar
Actor
Actress
Director
Pixar
Role
Movie Quotes
Movie Characters
Box Office
Nominee
Best Picture
Star Wars
James Bond
Horror Movies
Random Quiz
Search Sporcle
×
Quiz Lab
Quiz Lab
Movies
Movie Characters
Type in answers that appear in a list
Type in answers that appear in a list
Classic
Best Score? Go Orange.
Movie 'T' Things Stats
Can you name the Movie 'T' Things?
By
grangegirl7
5m
25 Questions
82 Plays
82 Plays
82 Plays
Comments
Comments
Give Quiz Kudos
Give Quiz Kudos
-
- Ratings
hide this ad
Forced Order
Answers have to be entered in order
Answers have to be entered in order
Random Order
Randomize order of answers
Randomize order of answers
Replay
Link that replays current quiz
Next Quiz
Link to next quiz in quiz playlist
You Got
0%
They Got
Avg Score
35%
Avg Friend Score
Upgrade to see
Score Distribution
Jump to the score distribution portion of the page
Score
0/25
Timer
05:00
0
Plays Today
Question
Answer
% Correct
Number of D'artagnan's companions
three
79.3%
'Unsinkable' Ship
Titanic
73.2%
2010 Rapunzel movie
Tangled
61%
Number of things Kat hates
Ten
58.5%
Famed son of Asgard, owns hammer
Thor
58.5%
Will is a pirate; what is his last name?
Turner
58.5%
Second of the original Indiana Jones trilogy
Temple of Doom
54.9%
Famed Merekat friend of warthogs
Timon
53.7%
The tale of a cowboy and a spaceman
Toy Story
52.4%
The twins friends of the Mad Hatter
Tweedledee and Tweedledum
50%
Web slinging actor
Tobey Maguire
37.8%
Great Pilots; Tom Cruise
Top Gun
37.8%
Shapeshifting actor who hates a vampire
Taylor Lautner
31.7%
Question
Answer
% Correct
Site of an epic war, april fool's
Troy
26.8%
Fairy who grows big enough to love
Tinkerbell
26.8%
The Father of the Dark Knight
Thomas Wayne
23.2%
Princess Mia's last name
Thermopolis
22%
Star of 2 epic decade musicals
John Travolta
19.5%
Treacherous faun, kept the handkerchief
Tumnus
18.3%
King killed by Snowmane
Theoden
13.4%
Pepper Pott's boss' name
Tony Stark
13.4%
Count Rugen's first name
Tyrone
12.2%
Greek woman who married outside her heritage
Toula Portokalos
8.5%
Stiles' dancing costar
Sean Patrick Thomas
2.4%
Scarlett's twin beaus
Tarletons
2.4%
Quiz Playlist
Details
Report
Send in Message
Add To Playlist
Classic:
Type in answers that appear in a list
Forced Order:
Answers have to be entered in order
Random Order:
Randomize order of answers
Quiz Source
Last Updated: Feb 16, 2017
Quiz Scoreboard
CHALLENGE
Sign Up to Join the Scoreboard
Show All
Scores
Hide
Comments
May contain spoilers
Recently Published
Decade Duel: World Leaders
by jenniferyan
History
4m
Alphabetical 'K' Countries by Flag Minefield
by ylime102
Geography
3m
Pick 6: Fruits
by JohnFran
Miscellaneous
15s
More to Explore
Quiz From the Vault
Featured Blog Post
15 Basketball Trivia Facts You Can Be March Mad About
hide this ad
You Might Also Like...
Tags
Movie Characters Quiz
Fantasy
Fantasy Characters
Fantasy Sci-fi
Movie Stars
Today's Top Quizzes in Movies
Browse Movies
hide this ad
Today's Top Quizzes in Movie Characters
Browse Movie Characters
Top Contributed Quizzes in Movies
1
Pick 6: Harry Potter
2
Pick 6: Movie Franchises
3
Pick 6: Actors
4
Pick 6: Actresses
5
Pick 6: Disney Princesses
6
Match The President To The Fictional Crisis
7
Movies of the Seasons
8
Seasonal Films
9
Movie Seasons
10
Harry Potter Logic Puzzle
Explore More
Trending Topics
Anime
Marvel
Disney
Harry Potter
Kpop
NBA
Crossword
Puzzle
WWE
Pokémon
The Office
NFL
Soccer
Song
Country
hide this ad
More By:
grangegirl7
Quiz
Plays
Rating
Category
Featured
Created
Common Names Kings and Presidents
304
2.40
History
May 20, 2011
Literature 'R' Things
123
2.50
Literature
Apr 9, 2011
Movie 'T' Things
82
2.25
Movies
Apr 9, 2011
Highschool ELA
40
1.00
Literature
Dec 13, 2013
Wheel of Time titles in order
6
5.00
Literature
Jan 20, 2024
Go to Creator's Profile
Score Distribution
Quiz Creator Spotlight
grangegirl7
Follow
Send a Message
Quizzes Created
-
Created Quiz Play Count
-
More By This Creator
Popular Quizzes Today
1
Countries of Asia Without Outlines Minefield
2
Find the US States - No Outlines Minefield
3
Pick 6: Fruits
4
The Countries of the World
5
Alphabetical 'K' Countries by Flag Minefield
6
Find the Countries of Europe - No Outlines Minefield
7
US States
8
Find the US States
More Movies Quizzes
Luis Buñuel Movies - Picture Click
Quiz Lab
Trending Quizzes
Pick 6: Mountains
Pick 6: Harry Potter
Pick 6: Flags
Pick 6: NFL Teams
Pick 6: Movie Franchises
Recently Updated
Adaptations: Name the Title
pecheneg
NWSL Teams
pecheneg
Women's Final Four Teams by Year
bhenderson79
Presidents Quartet II
eogle
Anything But Clue(do)
eogle
Anything But Oceanian Capitals
eogle
Anything But 7
eogle
Anything But Thing
eogle
Word Ladder: February 29
pecheneg
Song Title Questions
pecheneg
Trending Topics
Marvel
Kpop
Anime
Crossword
Disney
Harry Potter
NBA
NFL
Puzzle
WWE
Song
Pokémon
Country
Soccer
The Office
Your Account Isn't Verified!
In order to create a playlist on Sporcle, you need to verify the email address you used during registration. Go to your
Sporcle Settings
to finish the process.
Report this User
Report this user for behavior that violates our
Community Guidelines
.
Details:
Send Report
Go to the Sporcle.com Mobile Site →
Comments